header

Jewish and Christian liturgy and worship (Record no. 22791)

MARC details
000 -LEADER
fixed length control field 01482nam a2200361 a 4500
082 04 - DEWEY DECIMAL CLASSIFICATION NUMBER
Classification number 296.4/5
245 00 - TITLE STATEMENT
Title Jewish and Christian liturgy and worship
260 ## - PUBLICATION, DISTRIBUTION, ETC. (IMPRINT)
Place of publication Leiden ;
-- Boston :
Name of publisher Brill,
Year of publication 2007.
300 ## - PHYSICAL DESCRIPTION
Number of Pages vii, 334 p. :
Other physical details ill.
490 1# - SERIES STATEMENT
Series statement Jewish and Christian perspectives series,
650 #0 - SUBJECT ADDED ENTRY--TOPICAL TERM
Topical Term Judaism
Topical Term Prayer
Topical Term Liturgics.
700 1# - ADDED ENTRY--PERSONAL NAME
Personal name Gerhards, Albert.
Personal name Leonhard, Clemens.
856 40 - ELECTRONIC LOCATION AND ACCESS
Uniform Resource Identifier http://site.ebrary.com/lib/rucke/Doc?id=10270841

No items available.

© 2026 Rongo University
Contact us: librarian | system librarian | Rongo university